Prachin Bharat mein prayashchit vidhan (Record no. 395866)

MARC details
000 -LEADER
fixed length control field 00524 a2200217 4500
005 - DATE & TIME
control field 20260508102737.0
008 - FIXED-LENGTH DATA ELEMENTS--GENERAL INFORMATION
fixed length control field 260506b |||||||| |||| 00| 0 eng d
020 ## - ISBN
International Standard Book Number 9788178544113
Price Rs. 1450.00
040 ## - CATALOGING SOURCE
Original cataloging agency VIVEKANANDA LIBRARY
082 ## - DDC NUMBER
Classification number 294.5925
Book Number G959P
100 ## - MAIN ENTRY--PERSONAL NAME
Personal name Gupta, Hima
110 ## - MAIN ENTRY--CORPORATE NAME
Corporate name
245 ## - TITLE STATEMENT
Title Prachin Bharat mein prayashchit vidhan
260 ## - PUBLICATION, DISTRIBUTION, ETC. (IMPRINT)
Name of publisher, distributor, etc Eastern Books
Date of publication, distribution, etc 2022
Place of publication, distribution, etc Delhi
300 ## - PHYSICAL DESCRIPTION
Pages xl, 367
650 ## - Subject
Subject Religion
650 ## - Subject
Subject Hinduism
650 ## - Subject
Subject Rituals
650 ## - Subject
Subject Penance
942 ## - ADDED ENTRY ELEMENTS (KOHA)
Koha item type Books
Holdings
Withdrawn status Lost status Source of classification or shelving scheme Damaged status Not for loan Location (home branch) Sublocation or collection (holding branch) Shelving location Date acquired Koha issues (times borrowed) Koha full call number Accession No. Koha date last seen Koha item type
    Dewey Decimal Classification     VIVEKANANDA LIBRARY VIVEKANANDA LIBRARY Vivekananda Library 04/02/2026   294.5925 G959P 438114 04/02/2026 Books
© Designed and Maintained by Vivekananda Library, MDU Rohtak